[Event "2011 SC Site Championship, Semifinal - Group III"]
[Site "SchemingMind.com"]
[Date "2011.09.27"]
[Round "-"]
[White "thebirdolux"]
[Black "C. H. O'D. Schlechter"]
[Result "1/2-1/2"]
[WhiteCountry "USA"]
[BlackCountry "USA"]
[WhiteElo "2285"]
[WhiteRD "78"]
[BlackElo "2391"]
[BlackRD "89"]
[GameID "293617"]

1. d4 d5 2. Nf3 Nf6 3. c4 e6 4. Nc3 Bb4 5. e3 O-O 6. Bd2 b6 7. Rc1 Bb7 8. cxd5 exd5 9. Bd3 c5 10. O-O Nc6
11. a3 Bxc3 12. Bxc3 c4 13. Bb1 b5 14. Ne5 Ne4 15. Bxe4 dxe4 16. a4 a6 17. Qg4 Qd5 18. Ra1 f6 19. axb5 axb5 20. Rxa8 Bxa8
21. Nxc6 Bxc6 22. Ra1 Bd7 23. Qg3 Ra8 24. Rxa8+ Qxa8 25. h3 Qd5=
1/2-1/2

[Event "2011 SC Site Championship, Semifinal - Group III"]
[Site "SchemingMind.com"]
[Date "2011.09.27"]
[Round "-"]
[White "Uzi Mike"]
[Black "C. H. O'D. Schlechter"]
[Result "1/2-1/2"]
[WhiteCountry "USA"]
[BlackCountry "USA"]
[WhiteElo "2267"]
[WhiteRD "74"]
[BlackElo "2443"]
[BlackRD "84"]
[GameID "293618"]

1. d4 d5 2. c4 e6 3. Nc3 c5 4. cxd5 exd5 5. Nf3 Nc6 6. g3 Nf6 7. Bg2 Be7 8. O-O O-O 9. dxc5 Bxc5 10. Bg5 d4
11. Bxf6 Qxf6 12. Nd5 Qf5 13. Nf4 Bb6 14. Nd2 Qb5 15. a4 Qxb2 16. Nc4 Qb4 17. Nxb6 axb6 18. Qc2 Re8 19. Rfb1 Qc5 20. Qd1 Ra6
21. Rb5 Qe7 22. Qb1 Qd8 23. Be4 h6 24. Bd3 Bd7 25. Qb2 Ne5 26. Rxe5 Rxe5 27. Bxa6 bxa6 28. Qxd4 Qc7 29. Rb1 b5 30. Rd1 Be8
31. Nd5 Qc2 32. Qxe5 Qxd1+ 33. Kg2 Bc6 34. e4 Bxd5= 35. exd5 bxa4 36. Qe8+=
1/2-1/2

[Event "2011 SC Site Championship, Semifinal - Group III"]
[Site "SchemingMind.com"]
[Date "2011.09.27"]
[Round "-"]
[White "Zeidan"]
[Black "C. H. O'D. Schlechter"]
[Result "0-1"]
[WhiteCountry "LBN"]
[BlackCountry "USA"]
[WhiteElo "2205"]
[WhiteRD "86"]
[BlackElo "2391"]
[BlackRD "89"]
[GameID "293619"]

1. e4 e5 2. Nf3 Nc6 3. Bb5 a6 4. Bxc6 dxc6 5. O-O Qd6 6. d3 Ne7 7. Be3 Ng6 8. Nbd2 Be7 9. Qe2 c5 10. b3 O-O
11. Nc4 Qf6 12. a4 Bg4 13. h3 Bxf3 14. Qxf3 Qxf3 15. gxf3 f5 16. Kh1 b6 17. Bd2 Rf7 18. Bc3 Bd6 19. Kg2 Raf8 20. Kg3 b5
21. axb5 axb5 22. Nxd6 cxd6 23. Ra6 fxe4 24. fxe4 Rf3+ 25. Kg2 Nh4+ 26. Kh2 R8f6 27. Be1 Rg6
0-1

[Event "2011 SC Site Championship, Semifinal - Group III"]
[Site "SchemingMind.com"]
[Date "2011.09.22"]
[Round "-"]
[White "bereolos"]
[Black "C. H. O'D. Schlechter"]
[Result "1/2-1/2"]
[WhiteCountry "USA"]
[BlackCountry "USA"]
[WhiteElo "2209"]
[WhiteRD "87"]
[BlackElo "2443"]
[BlackRD "84"]
[GameID "293620"]

1. d4 d5 2. c4 e6 3. Nc3 c5 4. cxd5 exd5 5. Nf3 Nc6 6. g3 Nf6 7. Bg2 Be7 8. O-O O-O 9. dxc5 Bxc5 10. Bg5 d4
11. Bxf6 Qxf6 12. Nd5 Qf5 13. Nd2 Rd8 14. Nf4 Bd6 15. Nd3 Be6 16. a3 Rac8 17. Rc1 Rc7 18. Ne4 Be7 19. Nec5 Bd5 20. b4 Bxg2
21. Kxg2 a5 22. Qb3 axb4 23. axb4 b6 24. e4 Qf6 25. Na4 Rb7 26. b5 Na5 27. Qb1 h5 28. Nf4 d3 29. Nxd3 Qd4 30. Ndb2 Nb3
31. Rfd1 Nd2 32. Qc2 Rc7 33. Qxc7 Qxe4+ 34. Kg1 Nf3+=
1/2-1/2

[Event "2011 SC Site Championship, Semifinal - Group III"]
[Site "SchemingMind.com"]
[Date "2011.10.06"]
[Round "-"]
[White "GM Mark"]
[Black "C. H. O'D. Schlechter"]
[Result "1/2-1/2"]
[WhiteCountry "ENG"]
[BlackCountry "USA"]
[WhiteElo "2524"]
[WhiteRD "99"]
[BlackElo "2409"]
[BlackRD "91"]
[GameID "294446"]

1. d4 d5 2. c4 e6 3. Nc3 c5 4. cxd5 exd5 5. Nf3 Nc6 6. g3 Nf6 7. Bg2 Be7 8. O-O O-O 9. Bg5 c4 10. Ne5 Ng4
11. Nxc6 bxc6 12. Bxe7 Qxe7 13. e4 dxe4 14. Nxe4 Rb8 15. Qc1 Be6 16. Re1 Rfd8 17. Qc3 Bd5 18. Rac1 Re8 19. Nc5 Qd6 20. Bf1 Qf6
21. f3 Qxf3 22. Qxf3 Bxf3 23. Bxc4 Ne3 24. Kf2 Nxc4 25. Rxe8+ Rxe8 26. Kxf3 Nd2+ 27. Kf2 f6 28. b3 Kf8 29. Rc2 Ne4+ 30. Nxe4 Rxe4
31. Rxc6 Rxd4 32. Rc8+ Ke7 33. Rc7+ Rd7 34. Rxd7+ Kxd7 35. Ke3 Ke6 36. Kd4 g5 37. b4 f5 38. b5 f4 39. gxf4 gxf4 40. Ke4 f3
41. Kxf3 Kd5 42. Kf4 Kc5 43. h4 Kxb5 44. Kg5 Kb4 45. Kh6 Ka3 46. Kxh7=
1/2-1/2

[Event "2011 SC Site Championship, Semifinal - Group III"]
[Site "SchemingMind.com"]
[Date "2011.10.05"]
[Round "-"]
[White "GM Mark"]
[Black "saxon"]
[Result "1/2-1/2"]
[WhiteCountry "ENG"]
[BlackCountry "GER"]
[WhiteElo "2524"]
[WhiteRD "99"]
[BlackElo "2485"]
[BlackRD "104"]
[GameID "294447"]

1. d4 d5 2. c4 c6 3. Nf3 Nf6 4. Nc3 e6 5. e3 Nbd7 6. Bd3 dxc4 7. Bxc4 b5 8. Bd3 a6 9. e4 c5 10. e5 cxd4
11. Nxb5 axb5 12. exf6 gxf6 13. O-O Qb6 14. Be4 Bb7 15. Bxb7 Qxb7 16. Nxd4 Rg8 17. g3 Bc5 18. Nf3 Rg4 19. Re1 Rga4 20. a3 Rd8
21. Bd2 Rc4 22. b3 Re4 23. Qc2 Rxe1+ 24. Nxe1 Ne5=
1/2-1/2

[Event "2011 SC Site Championship, Semifinal - Group III"]
[Site "SchemingMind.com"]
[Date "2011.10.02"]
[Round "-"]
[White "GM Mark"]
[Black "thebirdolux"]
[Result "1-0"]
[WhiteCountry "ENG"]
[BlackCountry "USA"]
[WhiteElo "2524"]
[WhiteRD "99"]
[BlackElo "2421"]
[BlackRD "82"]
[GameID "294448"]

1. d4 Nf6 2. c4 e6 3. Nc3 Bb4 4. e3 c5 5. Bd3 d5 6. Nf3 O-O 7. O-O Nc6 8. a3 Bxc3 9. bxc3 b6 10. Re1 Na5
11. cxd5 exd5 12. Nd2 Re8 13. a4 Bg4 14. f3 Bh5 15. e4
1-0

[Event "2011 SC Site Championship, Semifinal - Group III"]
[Site "SchemingMind.com"]
[Date "2011.10.06"]
[Round "-"]
[White "GM Mark"]
[Black "Uzi Mike"]
[Result "1/2-1/2"]
[WhiteCountry "ENG"]
[BlackCountry "USA"]
[WhiteElo "2524"]
[WhiteRD "99"]
[BlackElo "2298"]
[BlackRD "71"]
[GameID "294449"]

1. d4 Nf6 2. c4 g6 3. Nc3 Bg7 4. e4 d6 5. Nf3 O-O 6. Be2 c5 7. O-O cxd4 8. Nxd4 Nc6 9. Be3 Bd7 10. Qd2 Nxd4
11. Bxd4 Bc6 12. f3 a5 13. b3 Nd7 14. f4 Bxd4+ 15. Qxd4 Qb6 16. Qxb6 Nxb6 17. Nd5 Nxd5 18. exd5 Bd7 19. a4 Kg7 20. Rf3 Kf6
21. h4 Ra7 22. Re1 h5 23. g3 Bg4 24. Re3 Bxe2 25. R1xe2 Re8 26. Kf2 b6 27. Rd2=
1/2-1/2

[Event "2011 SC Site Championship, Semifinal - Group III"]
[Site "SchemingMind.com"]
[Date "2011.10.03"]
[Round "-"]
[White "GM Mark"]
[Black "Zeidan"]
[Result "1-0"]
[WhiteCountry "ENG"]
[BlackCountry "LBN"]
[WhiteElo "2524"]
[WhiteRD "99"]
[BlackElo "2153"]
[BlackRD "84"]
[GameID "294450"]

1. d4 Nf6 2. c4 c5 3. d5 e6 4. Nc3 exd5 5. cxd5 d6 6. e4 g6 7. f4 Bg7 8. Bb5+ Nfd7 9. a4 O-O 10. Nf3 Na6
11. O-O Nc7 12. Bc4 Re8 13. e5 dxe5 14. Ng5 Nb6 15. Ba2 c4 16. fxe5 Ncxd5 17. Nxd5 Qxd5 18. Qxd5 Nxd5 19. Rxf7 Bxe5 20. Bxc4 Nb6
21. Re7+ Kf8 22. Rxe8+ Kxe8 23. Bb3 Bf5 24. Be3 Bxb2 25. Re1 Kd7 26. a5 Nc8 27. Rd1+ Ke7 28. Nxh7 Nd6 29. Bc5 Rd8 30. Ng5 b6
31. axb6 axb6 32. Bb4 Kf6 33. Bxd6 Rxd6 34. Rxd6+ Kxg5 35. Be6 Be4 36. Kh1 b5 37. Rb6 Bd3 38. Bd7 Be5 39. Bxb5 Bxb5 40. Rxb5 Kf6
41. g3 Bc7 42. Kg2
1-0

[Event "2011 SC Site Championship, Semifinal - Group III"]
[Site "SchemingMind.com"]
[Date "2011.10.01"]
[Round "-"]
[White "GM Mark"]
[Black "bereolos"]
[Result "1-0"]
[WhiteCountry "ENG"]
[BlackCountry "USA"]
[WhiteElo "2524"]
[WhiteRD "99"]
[BlackElo "2193"]
[BlackRD "87"]
[GameID "294451"]

1. d4 Nf6 2. c4 g6 3. Nc3 Bg7 4. e4 d6 5. Nf3 O-O 6. Be2 e5 7. O-O Na6 8. Be3 Ng4 9. Bg5 Qe8 10. d5 f5
11. Ne1 Nf6 12. f3 h6 13. Be3 f4 14. Bf2 g5 15. Nd3 Qg6 16. Qe1 h5 17. b4 Rf7 18. c5 Bf8 19. b5 Nb8 20. c6 g4
21. Rb1 Bh6 22. Qd2 Rg7 23. Bh4 Bg5 24. Bxg5 Qxg5 25. a4 g3 26. h3 Qh4 27. Rfd1 Nh7 28. Nxe5 Ng5 29. Nd3 Bxh3 30. Qxf4 Bg4
31. Qe3 Bc8 32. Kf1 Nf7 33. Ke1 Qf6 34. Nf4 Rh7 35. Ne6 Qe7 36. cxb7 Bxb7 37. f4 h4 38. a5 Bc8 39. Rdc1
1-0

[Event "2011 SC Site Championship, Semifinal - Group III"]
[Site "SchemingMind.com"]
[Date "2011.10.06"]
[Round "-"]
[White "C. H. O'D. Schlechter"]
[Black "GM Mark"]
[Result "1/2-1/2"]
[WhiteCountry "USA"]
[BlackCountry "ENG"]
[WhiteElo "2391"]
[WhiteRD "89"]
[BlackElo "2526"]
[BlackRD "99"]
[GameID "294452"]

1. e4 e6 2. d4 d5 3. Nd2 Nf6 4. e5 Nfd7 5. Bd3 c5 6. c3 Nc6 7. Ne2 cxd4 8. cxd4 f6 9. exf6 Nxf6 10. Nf3 Bd6
11. O-O O-O 12. Bf4 Bxf4 13. Nxf4 Qb6 14. Qd2 Nxd4 15. Nxd4 e5 16. Nxd5 Nxd5 17. Nf3 Nf4 18. Nxe5 Be6= 19. Be4 Rad8= 20. Qc2 g6
21. Rfe1 Qa5 22. Nf3 Qh5 23. Re3 Qg4 24. Ne1 Rc8 25. Qd1 Qg5 26. b3=
1/2-1/2

[Event "2011 SC Site Championship, Semifinal - Group III"]
[Site "SchemingMind.com"]
[Date "2011.10.06"]
[Round "-"]
[White "saxon"]
[Black "GM Mark"]
[Result "1/2-1/2"]
[WhiteCountry "GER"]
[BlackCountry "ENG"]
[WhiteElo "2485"]
[WhiteRD "104"]
[BlackElo "2524"]
[BlackRD "99"]
[GameID "294453"]

1. d4 d5 2. c4 c6 3. Nf3 Nf6 4. Nc3 e6 5. Bg5 h6 6. Bxf6 Qxf6 7. e3 Nd7 8. Bd3 dxc4 9. Bxc4 g6 10. O-O Bg7
11. e4 e5 12. d5 Nb6 13. Bb3 Bg4 14. Rc1 Rd8 15. h3 Bxf3 16. Qxf3 Qxf3 17. gxf3 cxd5=
1/2-1/2

[Event "2011 SC Site Championship, Semifinal - Group III"]
[Site "SchemingMind.com"]
[Date "2011.10.02"]
[Round "-"]
[White "thebirdolux"]
[Black "GM Mark"]
[Result "0-1"]
[WhiteCountry "USA"]
[BlackCountry "ENG"]
[WhiteElo "2421"]
[WhiteRD "82"]
[BlackElo "2524"]
[BlackRD "99"]
[GameID "294454"]

1. e4 e6 2. d4 d5 3. Nc3 Bb4 4. e5 c5 5. a3 Bxc3+ 6. bxc3 Ne7 7. Qg4 O-O 8. Bd3 Nbc6 9. Qh5 Ng6 10. Nf3 Qc7
11. O-O c4 12. Be2 f6 13. Be3 Bd7 14. Rab1 a6
0-1

[Event "2011 SC Site Championship, Semifinal - Group III"]
[Site "SchemingMind.com"]
[Date "2011.10.06"]
[Round "-"]
[White "Uzi Mike"]
[Black "GM Mark"]
[Result "0-1"]
[WhiteCountry "USA"]
[BlackCountry "ENG"]
[WhiteElo "2308"]
[WhiteRD "71"]
[BlackElo "2526"]
[BlackRD "99"]
[GameID "294455"]

1. d4 d5 2. c4 e6 3. Nf3 Nf6 4. Nc3 Be7 5. Bg5 O-O 6. e3 h6 7. Bxf6 Bxf6 8. Qd2 b6 9. cxd5 exd5 10. Bd3 Nc6
11. h3 Nb4 12. Bb1 Bb7 13. O-O c5 14. a3 Na6 15. Re1 Re8 16. Qc2 g6 17. Ba2 Rc8 18. Rac1 Nb4 19. axb4 cxb4 20. Qa4 bxc3
21. Qxa7 cxb2 22. Rxc8 Bxc8= 23. Qa3 Be6 24. Qxb2 Qd6 25. Bb1 Kg7= 26. Bd3 Rb8= 27. Ne5 b5 28. Be2 b4 29. Ra1 b3 30. Bf3 Bxe5
31. dxe5 Qb4 32. Bd1 h5 33. Kf1 d4 34. exd4 Rd8 35. d5 Qb5+ 36. Be2 Qxd5 37. Rd1 Qa8 38. Qc3 Rxd1+ 39. Bxd1 Qa2 40. Bxb3 Qb1+
41. Ke2 Qxb3 42. Qxb3 Bxb3 43. h4 Bd5 44. g3 f6 45. exf6+ Kf7 46. Ke3 Bc6 47. Kf4 Kxf6 48. f3 Ba8 49. Ke3 Ke5 50. Kf2 Bb7
0-1

[Event "2011 SC Site Championship, Semifinal - Group III"]
[Site "SchemingMind.com"]
[Date "2011.10.03"]
[Round "-"]
[White "Zeidan"]
[Black "GM Mark"]
[Result "0-1"]
[WhiteCountry "LBN"]
[BlackCountry "ENG"]
[WhiteElo "2153"]
[WhiteRD "84"]
[BlackElo "2524"]
[BlackRD "99"]
[GameID "294456"]

1. e4 e6 2. f4 d5 3. e5 c5 4. Nf3 Nc6 5. g3 Be7 6. Bg2 Nh6 7. c3 b5 8. O-O b4 9. a3 bxc3 10. bxc3 Rb8
11. a4 Na5 12. Na3 O-O 13. Nc2 Nb3 14. Rb1 Ba6 15. Re1 Bd3 16. Re3 c4 17. Nfd4 Qd7 18. Nxb3 Bg6 19. Rb2 cxb3 20. Nd4 Qxa4
21. Re1 Bc5 22. Kh1 Bxd4 23. cxd4 Rfc8 24. d3 Qxd4
0-1

[Event "2011 SC Site Championship, Semifinal - Group III"]
[Site "SchemingMind.com"]
[Date "2011.10.02"]
[Round "-"]
[White "bereolos"]
[Black "GM Mark"]
[Result "0-1"]
[WhiteCountry "USA"]
[BlackCountry "ENG"]
[WhiteElo "2209"]
[WhiteRD "87"]
[BlackElo "2531"]
[BlackRD "102"]
[GameID "294457"]

1. d4 d5 2. c4 e6 3. Nc3 Nf6 4. cxd5 exd5 5. Bg5 Be7 6. Qc2 O-O 7. e3 c6 8. Bd3 Nbd7 9. Nge2 Re8 10. O-O Nf8
11. f3 b5 12. Bh4 Bb7 13. Bf2 Rc8 14. e4 dxe4 15. Nxe4 Nxe4 16. fxe4 Ne6 17. Rad1 Qd7 18. Qb3 a5 19. a4 Ba6 20. Qa2 Qb7=
21. axb5 Bxb5 22. Bxb5 Qxb5 23. Nc3 Qa6 24. d5 cxd5 25. exd5 Nf4 26. Kh1 Bb4 27. Bg3 Nh5 28. Bh4 Qc4 29. Qxc4 Rxc4 30. Be1 Nf6
31. h3 h6 32. d6 Rd8 33. Rf5 a4 34. Nd5 Rxd6 35. Rxf6 gxf6 36. Bxb4 Rxb4 37. Ne7+ Kf8 38. Rxd6 Kxe7 39. Rd2 f5 40. Kg1 h5
41. Kf2 Ke6 42. Ke3 f4+ 43. Kf3 Ke5 44. Kf2 f6 45. Kf3 Rb3+ 46. Kf2 Ke4 47. Re2+ Kd4 48. Rc2 f3 49. gxf3 Kd3 50. Re2 Rb5
51. Kf1 Re5 52. Rg2 Rg5 53. Rf2 Rc5
0-1